LEADER 01243nam 2200337 n 450 001 996386409603316 005 20221108091339.0 035 $a(CKB)1000000000617379 035 $a(EEBO)2240921090 035 $a(UnM)99837326 035 $a(EXLCZ)991000000000617379 100 $a19901002d1587 uy | 101 0 $aita 135 $aurbn||||a|bb| 200 00$aEsamine di varii guidicii de i politici$b[electronic resource] $ee della dottrina e de i fatti de i protestanti veri, & de i cattolici romani. Libri quattro. Per Gio. Battista Aurellio. Con la tauola de i capi principali che in quelli sono contenuti & fedelmente esplicati 210 $aIn Londra $cAppresso Giouanni VVolfio$d1587 215 $a[18], 707, [9] p 300 $aWith four final contents leaves. 300 $aReproduction of the original in the British Library. 330 $aeebo-0018 606 $aTheology, Doctrinal$xHistory 615 0$aTheology, Doctrinal$xHistory. 700 $aAureli$b Giovan Battista$f1538-1597.$01011471 801 0$bCu-RivES 801 1$bCu-RivES 801 2$bCStRLIN 801 2$bWaOLN 906 $aBOOK 912 $a996386409603316 996 $aEsamine di varii guidicii de i politici$92343397 997 $aUNISA